Statistics for WNBA Team Names

Click here to take the quiz!

General Stats

  • This quiz has been taken 79 times
  • The average score is 9 of 12

Answer Stats

Answer% Correct
New York Liberty
92%
Connecticut Sun
82%
Las Vegas Aces
82%
Los Angeles Sparks
79%
Seattle Storm
79%
Indiana Fever
77%
Minnesota Lynx
77%
Chicago Sky
74%
Phoenix Mercury
72%
Washington Mystics
69%
Atlanta Dream
67%
Dallas Wings
64%

Score Distribution

Percentile by Number Answered

Percent of People with Each Score

Your Score History

You have not taken this quiz